Zur biologie von Bolitoglossa mexicana: freilandbeobachtungen, pflege und nachzucht (Registro nro. 9363)

Detalles MARC
000 -CABECERA
Campo de control 007080000a22002050004500
090 ## - CLASIFICACIÓN LOCAL
Colección AR
Consecutivo 00263
041 0# - IDIOMA
Código de idioma para texto/pista de sonido o título separado
100 1# - ASIENTO PRINCIPAL--NOMBRE PERSONAL
Nombre personal Schmidt, Alfred A.
245 10 - MENCION DE TITULO
Título Zur biologie von Bolitoglossa mexicana: freilandbeobachtungen, pflege und nachzucht
650 14 - ASIENTO SECUNDARIO DE MATERIA - TERMINO TEMATICO
Término temático o nombre geográfico como elemento de entrada Herpetofauna
650 14 - ASIENTO SECUNDARIO DE MATERIA - TERMINO TEMATICO
Término temático o nombre geográfico como elemento de entrada Salamandras
650 14 - ASIENTO SECUNDARIO DE MATERIA - TERMINO TEMATICO
Término temático o nombre geográfico como elemento de entrada Ecología animal
650 14 - ASIENTO SECUNDARIO DE MATERIA - TERMINO TEMATICO
Término temático o nombre geográfico como elemento de entrada Reproducción animal
650 14 - ASIENTO SECUNDARIO DE MATERIA - TERMINO TEMATICO
Término temático o nombre geográfico como elemento de entrada Reproducción en cautiverio
651 #4 - ASIENTO SECUNDARIO DE MATERIA - NOMBRE GEOGRAFICO
-- Parque Nacional Pico Bonito
-- Atlantida
-- Honduras
653 ## - TERMINO DE INDIZACION - NO CONTROLADO
-- Plethodontidae
-- Bolitoglossa
-- Bolitoglossa mexicana
700 1# - ASIENTO SECUNDARIO - NOMBRE PERSONAL
Nombre personal Köhler, Gunther
773 1# - Item fuente:
Título Salamandra
Especificación de materiales 88
Descripción física 4
Paginas del Articulo 275-284
Lugar, editorial y fecha de publicación 1996
Información sobre la relación 32
942 ## - ELEMENTOS ADICIONALES (KOHA)
Tipo de ítem Artículo
Existencias
Withdrawn status Lost status Damaged status No para préstamo Colección Ubicación Permanente Ubicación actual Fecha de adquisición Fuente de Valor Datos de publicación Seriada Total Checkouts Número topográfico Inventario / Código de Barras Date last seen Ejemplar Price effective from Forma de adquisición Tipo de material
      No para Préstamo Hemeroteca Bogotá Bogotá 27/02/2015 CID Humboldt Fuera de circulación   AR 00263 010507 25/03/2015 1 25/03/2015   Artículo